00467nam a2200181 a 4500001001300000003000900013005001700022008004100039020002300080082001500103100001500118245001900133260005000152300000900202500003500211650002400246700001500270nice12345678IN_TiNIC20260116014618.0070412s2005 dela grp 000 0 eng  a8189526316 c45000a200.1bSIN aSingh, K V aInward Journey aDelhi bVista International Pub. House c2005 a180p aincludes index and biblioraphy aReligion-Philosophy1 aSingh, K V